Liste des noms de Pokémon finissant par un caractère spécial - Statistiques

Statistiques générales
  • Ce quiz a été pris 53 fois
  • Le résultat moyen est 3 sur 5
Statistiques - réponses
Pokémon % Correct
Porygon2
98%
Type:0
83%
Mime Jr.
25%
Nidoran♀
23%
Nidoran♂
23%
Aucun quiz correspondant
Distribution des résultats
% des personnes avec chaque résultat
Percentile par nombre de réponses
Votre historique - résultats
Vous n’avez pas pris ce quiz